ပီၵွၼ်းၶမ်းၸဝ်ႈသြႃႇၵဝိထၸဝိႁၢရ်ၼွင်မွၼ်တူင်ႇဝဵင်းလႃႈသဵဝ်ႈ။ (Record no. 23639)

000 -LEADER
fixed length control field 00917nam a22002177a 4500
003 - CONTROL NUMBER IDENTIFIER
control field OSt
005 - DATE AND TIME OF LATEST TRANSACTION
control field 20260122192357.0
008 - FIXED-LENGTH DATA ELEMENTS--GENERAL INFORMATION
fixed length control field 230331b ||||| |||| 00| 0 eng d
040 ## - CATALOGING SOURCE
Transcribing agency Ost
041 ## - LANGUAGE CODE
Language code of text/sound track or separate title Shan
082 ## - DEWEY DECIMAL CLASSIFICATION NUMBER
Classification number 294.3092
245 ## - TITLE STATEMENT
Title ပီၵွၼ်းၶမ်းၸဝ်ႈသြႃႇၵဝိထၸဝိႁၢရ်ၼွင်မွၼ်တူင်ႇဝဵင်းလႃႈသဵဝ်ႈ။
Statement of responsibility, etc. ၸဝ်ႈၶူးသီႇရိိၶမ်း ၶပ်းၶိုင်-
260 ## - PUBLICATION, DISTRIBUTION, ETC.
Place of publication, distribution, etc. တႃႈၵုင်ႈ
Name of publisher, distributor, etc. ၵတ်း
Date of publication, distribution, etc. 2018
300 ## - PHYSICAL DESCRIPTION
Extent vi၊ 159 ၼႃႈ
Other physical details ၶႅပ်းႁၢင်ႈ
Dimensions 21 ၸိၼ်ႇထီႇ
500 ## - GENERAL NOTE
General note S-SAT: Dr. Prof Sai Aung Tun
504 ## - BIBLIOGRAPHY, ETC. NOTE
Bibliography, etc. note ပႃးၽိုၼ်ဢိင်
650 ## - SUBJECT ADDED ENTRY--TOPICAL TERM
Topical term or geographic name entry element ထေရုပ်ႉပတ်ႉတိ (ပပ်ႉတီႈမၢႆတွင်း)
942 ## - ADDED ENTRY ELEMENTS (KOHA)
Koha item type Books (Long term)
650 ## - SUBJECT ADDED ENTRY--TOPICAL TERM
9 (RLIN) 65619
Source of classification or shelving scheme
Source of classification or shelving scheme
Holdings
Withdrawn status Lost status Source of classification or shelving scheme Damaged status Not for loan Collection Code Permanent Location Current Location Shelving location Date acquired Total Checkouts Full call number Barcode Date last seen Copy number Price effective from Koha item type Accession
          Tai Collection Shan State Buddhist University Library Shan State Buddhist University Library Tai Shelves 31/03/2023   294.3092 ပီ ႑႔႗႕ SH00001475 31/03/2023 1 31/03/2023 Books (Long term) ႑႔႗႕
          Tai Collection Shan State Buddhist University Library Shan State Buddhist University Library Special Collection Shelves 31/03/2023   294.3092 ပီ ႒႔႖႓(1) S-SAT SH00002463 31/03/2023 2 31/03/2023 Book (Short term) ႒႔႖႓(1) S-SAT
          Tai Collection Shan State Buddhist University Library Shan State Buddhist University Library Special Collection Shelves 31/03/2023   294.3092 ပီ ႒႔႘႔(2) S-SAT SH00002484 31/03/2023 3 31/03/2023 Book (Short term) ႒႔႘႔(2) S-SAT
          Tai Collection Shan State Buddhist University Library Shan State Buddhist University Library Special Collection Shelves 31/03/2023   294.3092 ပီ ႒႔႘႕(3) S-SAT SH00002485 31/03/2023 4 31/03/2023 Book (Short term) ႒႔႘႕(3) S-SAT

Library - 09407999929
Admin Office - 09407999979
Dean Office - 09250910768
Registrar Office - 09892297154
Email - [email protected]
Shan State Buddhist University, Phaya Phyu Taunggyi, Shan State, Myanmar.